000 01740nam2a2200301 4500
001 RU\NLR\BIBL_A\011406364
005 20250626061506.0
010 _a978-5-9530-0462-6
_9100
021 _aRU
_b2017-37056
_92713
035 _a(NLR Aleph) 011406364
090 _a11533981
_c11533981
100 _a20170615d2016 |||y0rusy50 ca
101 0 _aeng
_drus
102 _aRU
105 _aa z 000zy
200 1 _aSelected aspects of new particle formation in the Earth atmosphere: organic aerosol formation and pre-nucleation molecular clustering
_fOlaf Hellmuth
210 _d2016
_aБ. м.
215 _aVIII, 456 c.
_cил.
320 _aБиблиогр.: c. 443-456
461 0 _1001RU\NLR\b_ik\203844
_12001#$aNucleation theory and applications$especial issues$eReview series on selected topics of atmospheric sol formation$fOlaf Hellmuth, Vitaly I. Khvorostyanov, Judith A. Curry [et al.]$gJürn W.P. Schmelzer a. Olaf Hellmuth (ed.)$gJoint inst. for nuclear research$vVol. 3
_99785058
_cDubna
_d2013
_fOlaf Hellmuth, Vitaly I. Khvorostyanov, Judith A. Curry [et al.]
_nJINR
_ospecial issues : Review series on selected topics of atmospheric sol formation
_tNucleation theory and applications
_vVol. 3
541 1 _aИзбранные аспекты образования новых частиц в атмосфере Земли: образование органических аэрозолей и пренуклеация молекулярной кластеризации
606 1 _aАэрозоли атмосферные
_xОбразование
_92316695
_3RU\NLR\AUTH\6601611425
686 1 _aД232.2
701 1 _aHellmuth
_bO.
_gOlaf
942 _cBOOK
980 _aNB